01850nam a2200241Ia 4500001000600000003000900006008004100015040001300056040001300069041001300082100001800095100002900113245007200142245007200214250001100286260000900297260001200306260004900318300005700367500111200424650004101536650003101577G7411IT-RoPAU130308s9999 xx 000 0 und d aIT-RoPAU cIT-RoPAU aITALIANO aMancini Paolo gCodice Aut. SPICS: 12117 aSistema fragile (Il). I mass media in Italia tra politica e mercato bSistema Fragile (Il). I Mass Media in Italia tra Politica e Mercato a1a ed. aROMA bCarocci c2000 [1° Ed.:2000 - Ed.Ling.Originale:2000] a"140 p. (prefazione: no ; testo: 140 [pagine: 0-0])" a"Stampa tra Primato Letterario e Politica: Giornalismo Italiano, Letteratura e Commento; Origini Politiche; Parallelismo Politico di Oggi. basi Economico Stutturali del Primato Letterario e Politico: radici Storiche dell'editoria Impura; Diffusione della Stampa; Proprieta': Oligopolio o Concentrazione? Stato Sociale e comunicazioni di Massa: la Comunicazione è un Serviziopubblico?; Lo Stato Come Proprietario, Regolatore e Finanziatore. Televisione Prima della Commercializzazione: palinsesto Pedagogizzante; Televisionedei Partiti; Avvento del Sistema Misto. Televisione e Mutamento Sociale Negli Anni Ottanta: commercial Deluge; tappe e Logica della Televisione Commerciale; mutamenti Socio politici degli Anni Novanta e Sistema dei Mass Media; Televisione Italiana tra integrazione Europea e Globalizzazione. Processi di Istituzionalizzazione: professioni Nei Mass Media; istituzionalizzazione Formale e Autoregolamentazione; Accesso e Formazione; Eteroregolamentazione della Professione. Publicita': Prima Dello Scossone; Mutamento Negli Anni Ottanta; Stagnazione degli Anni Novanta. Bibliografia." aPOLITICA DELLA COMUNICAZIONE SOCIALE eCodice materia Spics: 3803